Constitutional and administrative law / (Record no. 4733)
[ view plain ]
| 000 -LEADER | |
|---|---|
| fixed length control field | 02254cam a2200313 a 4500 |
| 001 - CONTROL NUMBER | |
| control field | 16267368 |
| 003 - CONTROL NUMBER IDENTIFIER | |
| control field | OSt |
| 005 - DATE AND TIME OF LATEST TRANSACTION | |
| control field | 20140306211823.0 |
| 008 - FIXED-LENGTH DATA ELEMENTS--GENERAL INFORMATION | |
| fixed length control field | 100604s2011 nyu b 001 0 eng |
| 010 ## - LIBRARY OF CONGRESS CONTROL NUMBER | |
| LC control number | 2010023415 |
| 020 ## - INTERNATIONAL STANDARD BOOK NUMBER | |
| International Standard Book Number | 9781405873505 |
| 040 ## - CATALOGING SOURCE | |
| Original cataloging agency | DLC |
| Transcribing agency | DLC |
| Modifying agency | DLC |
| 042 ## - AUTHENTICATION CODE | |
| Authentication code | pcc |
| 043 ## - GEOGRAPHIC AREA CODE | |
| Geographic area code | e-uk--- |
| 050 00 - LIBRARY OF CONGRESS CALL NUMBER | |
| Classification number | KD3930 |
| Item number | .W3 2011 |
| 082 00 - DEWEY DECIMAL CLASSIFICATION NUMBER | |
| Classification number | 342 BRA |
| Edition number | 22 |
| 100 1# - MAIN ENTRY--PERSONAL NAME | |
| Personal name | Bradley, A. W. |
| Fuller form of name | (Anthony Wilfred) |
| 9 (RLIN) | 5594 |
| 245 10 - TITLE STATEMENT | |
| Title | Constitutional and administrative law / |
| Statement of responsibility, etc | A.W. Bradley, K.D. Ewing. |
| 250 ## - EDITION STATEMENT | |
| Edition statement | 15th ed. _ |
| 260 ## - PUBLICATION, DISTRIBUTION, ETC. (IMPRINT) | |
| Place of publication, distribution, etc | New York : |
| Name of publisher, distributor, etc | Pearson Longman, |
| Date of publication, distribution, etc | 2011. |
| 300 ## - PHYSICAL DESCRIPTION | |
| Extent | lxxv, 804 p. ; |
| Dimensions | 25 cm. |
| 504 ## - BIBLIOGRAPHY, ETC. NOTE | |
| Bibliography, etc | Includes bibliographical references (p. [761]-770) and index. |
| 505 0# - FORMATTED CONTENTS NOTE | |
| Formatted contents note | Definition and scope of constitutional law -- Sources and nature of the constitution -- The structure of the United Kingdom -- Parliamentary supremacy -- The relationship between legislature, executive and judiciary -- The rule of law -- Responsible and accountable government -- The United Kingdom and the European Union -- Composition and meeting of parliament -- Functions of parliament -- Privileges of parliament -- The Crown and the royal prerogative -- The cabinet, government departments and the civil service -- Public bodies and regulatory agencies -- Foreign affairs and the commonwealth -- The armed forces -- The treasury, public expenditure and the economy -- The courts and the machinery of justice -- The nature and protection of human rights -- Nationality, immigration and extradition -- The police and personal liberty -- The protection of privacy -- Freedom of expression -- Freedom of association and assembly -- State security and official secrets -- Emergency powers and terrorism -- Administrative law - an introduction -- Delegated legislation -- Administrative justice -- Judicial review of administrative action, I -- Judicial review of administrative action, II -- Liability of public authorities and the Crown. |
| 650 #0 - SUBJECT ADDED ENTRY--TOPICAL TERM | |
| Topical term or geographic name as entry element | Constitutional law |
| Geographic subdivision | Great Britain. |
| 9 (RLIN) | 5595 |
| 650 #0 - SUBJECT ADDED ENTRY--TOPICAL TERM | |
| Topical term or geographic name as entry element | Administrative law |
| Geographic subdivision | Great Britain. |
| 9 (RLIN) | 5596 |
| 906 ## - LOCAL DATA ELEMENT F, LDF (RLIN) | |
| a | 7 |
| b | cbc |
| c | orignew |
| d | 1 |
| e | ecip |
| f | 20 |
| g | y-gencatlg |
| 942 ## - ADDED ENTRY ELEMENTS (KOHA) | |
| Source of classification or shelving scheme | Dewey Decimal Classification |
| Item type | Books |
| Withdrawn status | Lost status | Source of classification or shelving scheme | Damaged status | Not for loan | Home library | Current library | Shelving location | Date acquired | Total Checkouts | Full call number | Barcode | Date last seen | Price effective from | Koha item type |
|---|---|---|---|---|---|---|---|---|---|---|---|---|---|---|
| Dewey Decimal Classification | Law Development Centre Main Library | Law Development Centre Main Library | Text Books and Laws | 10/03/2011 | 342 BRA | 2011/3225 | 10/03/2011 | 10/03/2011 | Books | |||||
| Dewey Decimal Classification | Law Development Centre Main Library | Law Development Centre Main Library | Text Books and Laws | 10/03/2011 | 342 BRA | 2011/3226 | 10/03/2011 | 10/03/2011 | Books | |||||
| Dewey Decimal Classification | Law Development Centre Main Library | Law Development Centre Main Library | Text Books and Laws | 10/03/2011 | 342 BRA | 2011/3227 | 10/03/2011 | 10/03/2011 | Books |
